Meilleurs buteurs all time par nations#1 - Statistiques

Statistiques générales
  • Ce quiz a été pris 124 fois
  • Le résultat moyen est 6 sur 22
Statistiques - réponses
Hint buts Réponse % Correct
France 57 Olivier Giroud
95%
Belgique 83 Romelu Lukaku
87%
Angleterre 62 Harry Kane
79%
Allemagne 71 Miroslav Klose
79%
Espagne 59 David Villa
69%
Bosnie 65 Edin Dzeko
67%
Croatie 45 Davor Suker
39%
Finlande 40 Teemu Pukki
33%
Bulgarie 48 Dimitar Berbatov
30%
Arménie 32 Henrikh Mkhitaryan
26%
Ecosse 30 Denis Law
9%
Gibraltar 5 Roy Chipolina / Liam Walker
3%
Andorre 11 Ildefons Lima
2%
Chypre 30 Michalis Konstantinou
2%
Géorgie 26 Shota Arveladze
2%
Autriche 46 Toni Polster
2%
Estonie 38 Andres Oper
1%
Azerbaïdjan 13 Emin Mahmudov
1%
Albanie 18 Erjion Bogdani
1%
Biélorussie 20 Maksim Romashchenko
1%
Grèce 29 Nikolaos Anastopoulos
1%
Danemark 53 Poul Nielsen
1%
Aucun quiz correspondant
Distribution des résultats
% des personnes avec chaque résultat
Percentile par nombre de réponses
Votre historique - résultats
Vous n’avez pas pris ce quiz